|
|
|
|
| LEADER |
01242nam a22003612i 4500 |
| 001 |
001581955 |
| 003 |
CZ BrMZK |
| 005 |
20171020095518.0 |
| 007 |
ta |
| 008 |
170621s1972 gw frm||||||||||ger d |
| 040 |
|
|
|a BOA001
|b cze
|e rda
|
| 072 |
|
7 |
|a 616
|x Patologie. Klinická medicína
|2 Konspekt
|9 14
|
| 080 |
|
|
|a 616.379-008.64
|2 MRF
|
| 080 |
|
|
|a 616.379-008.64-052
|2 MRF
|
| 080 |
|
|
|a 616
|2 MRF
|
| 080 |
|
|
|a (043.3)
|2 MRF
|
| 100 |
1 |
|
|a Wolf, Dieter
|4 dis
|
| 245 |
1 |
0 |
|a Klinische, biochemische und bioptische Befunde über Lebensveränderungen bei Diabetes mellitus /
|c Dieter Wolf
|
| 264 |
|
1 |
|a Tübingen :
|b Dieter Wolf,
|c 1972
|
| 300 |
|
|
|a 41 stran
|
| 336 |
|
|
|a text
|b txt
|2 rdacontent
|
| 337 |
|
|
|a bez média
|b n
|2 rdamedia
|
| 338 |
|
|
|a svazek
|b nc
|2 rdacarrier
|
| 502 |
|
|
|a Disertace--Universität Tübingen, 1972
|
| 650 |
0 |
7 |
|a diabetes mellitus
|7 ph114310
|2 czenas
|
| 650 |
0 |
7 |
|a diabetici
|7 ph134755
|2 czenas
|
| 650 |
0 |
7 |
|a klinické lékařství
|7 ph121639
|2 czenas
|
| 655 |
|
7 |
|a disertace
|7 fd132024
|2 czenas
|
| 710 |
2 |
|
|a Universität Tübingen
|7 ko2002152390
|4 isb
|
| 910 |
|
|
|a BOA001
|b X-0704.658
|
| 990 |
|
|
|a BK
|
| 991 |
|
|
|b 201706
|
| 996 |
7 |
|
|b 2618902243
|c X-0704.658
|l MZK
|r Sklad / do 24 hodin
|n 0
|w 001617367
|u 000010
|a 1
|e BOA001
|j MZK50
|s A
|